[Event "Mondiale Semilampo FIDE 2024"]
[Site "New York"]
[Date "28.12.2024"]
[Round "11.18"]
[White "Sadhwani, Raunak"]
[Black "Le, Quang Liem"]
[Result "0-1"]
[WhiteTitle "GM"]
[BlackTitle "GM"]
[WhiteElo "2673"]
[BlackElo "2739"]
[WhiteFideId "35093487"]
[BlackFideId "12401137"]
[EventDate "26.12.2024"]

1. e4 e5 2. Nf3 Nc6 3. Bc4 Bc5 4. d3 Nf6 5. O-O d6 6. c3 a5 7. Re1 Ba7 8. h3 h6
9. Na3 O-O 10. Bb3 Re8 11. Nb5 Bb6 12. a4 Be6 13. Bc2 d5 14. exd5 Nxd5 15. Na3
Ba7 16. Nc4 f6 17. Na3 Qd7 18. Nb5 Bb6 19. d4 exd4 20. Qd3 Kf8 21. Rd1 Rad8 22.
Nbxd4 Nxd4 23. Nxd4 Nb4 24. cxb4 Qxd4 25. Qf3 Qe5 26. Bf4 Qxb2 27. Bg6 Bd5 28.
Rxd5 Qxa1+ 29. Kh2 Bxf2 30. h4 Qg1+ 31. Kh3 Qh1+ 32. Kg4 Qxh4+ 33. Kf5 c6 34.
Rxd8 Rxd8 35. g4 Rd5+ 36. Ke6 f5 37. g5 hxg5 38. Bd6+ Kg8 0-1

[Event "Mondiale Semilampo FIDE 2024"]
[Site "New York"]
[Date "28.12.2024"]
[Round "11.19"]
[White "Shimanov, Aleksandr"]
[Black "Van Foreest, Jorden"]
[Result "0-1"]
[WhiteTitle "GM"]
[BlackTitle "GM"]
[WhiteElo "2593"]
[BlackElo "2677"]
[WhiteFideId "4198603"]
[BlackFideId "1039784"]
[EventDate "26.12.2024"]

1. Nf3 d5 2. b3 Nf6 3. Bb2 Bf5 4. d3 c5 5. g3 Nc6 6. Bg2 Qc7 7. Qd2 d4 8. e4 Bg4
9. h3 Bxf3 10. Bxf3 h5 11. h4 g6 12. Qe2 Bh6 13. a4 a6 14. Nd2 e5 15. Bg2 Qa5
16. Rd1 b5 17. axb5 axb5 18. O-O O-O 19. Nf3 Qb4 20. Ra1 Kg7 21. Ng5 Rfb8 22.
Rfb1 c4 23. Bc1 Rxa1 24. Rxa1 Qc3 25. Rb1 cxd3 26. cxd3 Ra8 27. Bd2 Ra2 28. Ne6+
Kg8 29. Qf3 Rxd2 30. Qxf6 Rxf2 31. Bf3 Qxd3 32. Ra1 Ra2 33. Rxa2 Qb1+ 34. Kh2
Qxa2+ 35. Bg2 Qa7 36. Bf1 Qe7 37. Qxe7 Nxe7 38. Nd8 f5 39. exf5 gxf5 40. Bxb5 e4
41. b4 d3 42. Bc4+ Kg7 43. b5 Be3 44. Nc6 Nxc6 45. bxc6 Bb6 46. Kg2 Kf6 47. Kf1
Ke5 48. Bf7 Kd4 49. Ke1 Ba5+ 50. Kd1 Ke3 51. Bg6 Kd4 52. Bxh5 Bc7 53. Bg6 e3 54.
Bh5 Bxg3 55. Bf3 Kc5 56. h5 Bf4 57. h6 Be5 58. h7 Kd6 59. Ke1 Bc3+ 60. Kf1 e2+
61. Bxe2 dxe2+ 62. Kxe2 Kxc6 63. Kf3 Kd5 64. Kf4 Ke6 65. Kg5 Be5 66. Kh5 Bf6 0-1

[Event "Mondiale Semilampo FIDE 2024"]
[Site "New York"]
[Date "28.12.2024"]
[Round "11.20"]
[White "Bu, Xiangzhi"]
[Black "Ivanchuk, Vasyl"]
[Result "1/2-1/2"]
[WhiteTitle "GM"]
[BlackTitle "GM"]
[WhiteElo "2684"]
[BlackElo "2630"]
[WhiteFideId "8601445"]
[BlackFideId "14100010"]
[EventDate "26.12.2024"]

1. d4 Nf6 2. c4 e6 3. Nf3 b6 4. Bf4 Bb7 5. a3 g6 6. e3 Bg7 7. h3 d6 8. Nc3 Nbd7
9. Be2 Ne4 10. Nxe4 Bxe4 11. O-O O-O 12. Bh2 a5 13. Nd2 Bb7 14. Bf3 Bxf3 15.
Qxf3 e5 16. dxe5 Nxe5 17. Bxe5 Bxe5 18. Rab1 a4 19. Rfc1 Ra5 20. Ne4 Qa8 21.
Nf6+ Bxf6 22. Qxf6 Re8 23. Rd1 Re6 24. Qc3 Rc5 25. Rd5 Re5 26. Rxe5 Rxe5 27. Rd1
Rc5 28. Rd5 Qc6 29. Rxc5 Qxc5 30. Qb4 Qf5 31. Qxa4 Qb1+ 32. Kh2 Qxb2 33. Qc6
Qe5+ 34. g3 Qe7 35. a4 h5 36. h4 Kg7 37. Kg1 Qd8 38. Kf1 Kf8 39. Ke2 Ke7 40. Kd3
Qd7 41. Qe4+ Qe6 42. Qc6 Qf5+ 43. Ke2 Kd8 44. e4 Qe5 45. Kf1 f6 46. Kg2 g5 47.
hxg5 fxg5 48. Qd5 g4 49. Kf1 Qa1+ 50. Kg2 Qxa4 51. Qg5+ Kc8 52. Qxh5 Qxc4 53.
Qxg4+ Kb7 54. Qf5 b5 55. g4 b4 56. g5 b3 57. g6 b2 58. e5 Qd5+ 59. Kh2 Qxe5+ 60.
Qxe5 dxe5 61. g7 b1=Q 62. g8=Q Qe4 63. Qb3+ Kc6 64. Qe6+ Kc5 65. Qe7+ Kb6 66.
Qe6+ c6 67. Qd6 Qd4 68. Qb8+ Kc5 69. Qa7+ Kc4 70. Qa4+ Kd5 71. Qb3+ Qc4 72. Qf3+
e4 73. Qf6 Qd4 74. Qf7+ Kd6 75. Kg2 c5 76. Qa7 Qd3 77. Qb6+ Kd5 78. Qb7+ Kd4 79.
Qb6 Qf3+ 80. Kg1 Qf5 81. Qb2+ Kd5 82. Qb3+ Ke5 83. Qb8+ Kf6 84. Qf8+ Kg5 85.
Qe7+ Kg4 86. Kf1 Qd5 87. Qg7+ Kf5 88. Qh7+ Ke5 89. Qh8+ Kf4 90. Qh4+ Kf5 91.
Qh5+ Ke6 92. Qe8+ Kf6 93. Qf8+ Kg6 94. Qe8+ Kh6 95. Qh8+ Kg6 96. Qe8+ Kg5 97.
Qe7+ Kf5 98. Qh7+ Ke5 99. Qh8+ Kf4 100. Qh4+ Kf5 101. Qh5+ Ke6 102. Qe8+ Kd6
103. Qd8+ Ke5 104. Qg5+ Kd4 105. Qd2+ Kc4 106. Qa2+ Kd4 107. Qd2+ Ke5 108. Qg5+ 1/2-1/2

[Event "Mondiale Semilampo FIDE 2024"]
[Site "New York"]
[Date "28.12.2024"]
[Round "11.21"]
[White "Cheparinov, Ivan"]
[Black "Can, Isik"]
[Result "1-0"]
[WhiteTitle "GM"]
[BlackTitle "IM"]
[WhiteElo "2646"]
[BlackElo "2499"]
[WhiteFideId "2905540"]
[BlackFideId "6383742"]
[EventDate "26.12.2024"]

1. Nf3 d5 2. d4 Nf6 3. c4 c6 4. e3 Bf5 5. Nc3 e6 6. Nh4 Be4 7. f3 Bg6 8. Qb3 Qc7
9. Bd2 Be7 10. O-O-O dxc4 11. Bxc4 a5 12. Nxg6 hxg6 13. Kb1 a4 14. Qc2 a3 15. b3
Na6 16. e4 b5 17. Be2 Qb7 18. h4 Nb4 19. Qc1 Nd7 20. g4 e5 21. dxe5 Nxe5 22. Be3
O-O 23. f4 Nd7 24. h5 Rfd8 25. hxg6 fxg6 26. Nxb5 cxb5 27. Bc4+ bxc4 28. Qxc4+
Nd5 29. Rxd5 Qb4 30. Qxb4 Bxb4 31. Rhd1 Re8 32. Rxd7 Rxe4 33. Bc1 Rae8 34. R7d4
Kf7 35. g5 Bc5 36. Rxe4 Rxe4 37. Rd5 Be7 38. Kc2 Ke6 39. Rd3 Bc5 40. Bd2 Re2 41.
Kc3 Re4 42. Rd8 Re2 43. Re8+ Be7 44. Kd3 Kd7 45. Kxe2 Kxe8 46. Kd3 Kd7 47. b4
Kc6 48. Kc4 Bd6 49. Be3 1-0

[Event "Mondiale Semilampo FIDE 2024"]
[Site "New York"]
[Date "28.12.2024"]
[Round "11.22"]
[White "Volokitin, Andrei"]
[Black "Lu, Shanglei"]
[Result "1-0"]
[WhiteTitle "GM"]
[BlackTitle "GM"]
[WhiteElo "2649"]
[BlackElo "2609"]
[WhiteFideId "14107090"]
[BlackFideId "8603332"]
[EventDate "26.12.2024"]

1. e4 c5 2. Nf3 e6 3. d4 cxd4 4. Nxd4 Nc6 5. Nc3 Nf6 6. Nxc6 bxc6 7. e5 Nd5 8.
Ne4 Qc7 9. f4 Qb6 10. c4 Bb4+ 11. Ke2 Ba6 12. Kf3 f5 13. exf6 Nxf6 14. c5 Qa5
15. Nd6+ Ke7 16. Bxa6 Qxa6 17. Be3 Ba5 18. Bd4 Rhf8 19. g3 Rab8 20. Qc2 g6 21.
h4 Rb4 22. Bc3 Nd5 23. Bxb4 Bxb4 24. a3 Ba5 25. h5 g5 26. Qxh7+ Kd8 27. Rad1 Kc7
28. Qd3 Qxd3+ 29. Rxd3 Kb8 30. h6 Bd8 31. h7 Bf6 32. Rb3+ Ka8 33. Rb7 gxf4 34.
Rxd7 fxg3 35. Rf7 Rh8 36. Rh6 1-0

[Event "Mondiale Semilampo FIDE 2024"]
[Site "New York"]
[Date "28.12.2024"]
[Round "11.23"]
[White "Anton Guijarro, David"]
[Black "Aravindh, Chithambaram VR."]
[Result "1/2-1/2"]
[WhiteTitle "GM"]
[BlackTitle "GM"]
[WhiteElo "2673"]
[BlackElo "2718"]
[WhiteFideId "2285525"]
[BlackFideId "5072786"]
[EventDate "26.12.2024"]

1. e4 e5 2. Nf3 Nc6 3. Bc4 Bc5 4. c3 Nf6 5. d4 exd4 6. e5 d5 7. Bb5 Ne4 8. cxd4
Bb6 9. Nc3 O-O 10. Be3 Bg4 11. h3 Bh5 12. Qc2 Bg6 13. Qb3 Ne7 14. O-O c6 15. Bd3
Nf5 16. Rfe1 Nxe3 17. Rxe3 Ng5 18. Nxg5 Qxg5 19. Rg3 Qe7 20. Bxg6 fxg6 21. Ne2
Rf5 22. Rf3 Rxf3 23. Qxf3 Rf8 24. Qe3 g5 25. Rc1 h6 26. g3 Qf7 27. Kg2 Bd8 28.
b4 a6 29. f3 Be7 30. a3 Qg6 31. g4 Qe6 32. Qd3 g6 33. Rb1 Kh7 34. Nc1 Rf7 35.
Qe3 Bf8 36. Nd3 Bg7 37. Nc5 Qe7 38. a4 Rf8 39. b5 axb5 40. axb5 b6 41. Nd3 Qd7
42. bxc6 Qxc6 43. Rc1 Qd7 44. Rc2 Ra8 45. Qc1 Qb5 46. Nf2 Qb4 47. Qb2 Qe1 48.
Re2 Qa5 49. Qb3 Ra7 50. Nd1 Qa1 51. Qd3 Ra3 52. Qd2 Ra4 53. Nc3 Rc4 54. Re3 b5
55. Ne2 Qa8 56. e6 Rc8 57. Qb4 Qc6 58. e7 Re8 59. Nc3 Qb7 60. Re2 Bf6 61. Qd6
Bxd4 62. Qxd5 Rxe7 63. Rxe7+ Qxe7 64. Qxd4 b4 65. Nd5 Qe2+ 66. Qf2 Qc4 67. Qa7+
Kg8 68. Ne7+ Kf8 69. Nxg6+ Kg8 70. Ne7+ Kf8 71. Ng6+ Kg8 72. Qb8+ Kg7 73. Ne5
Qe2+ 74. Kg3 Qe1+ 75. Kg2 Qe2+ 76. Kg3 Qe1+ 1/2-1/2

[Event "Mondiale Semilampo FIDE 2024"]
[Site "New York"]
[Date "28.12.2024"]
[Round "11.24"]
[White "Durarbayli, Vasif"]
[Black "Gelfand, Boris"]
[Result "1/2-1/2"]
[WhiteTitle "GM"]
[BlackTitle "GM"]
[WhiteElo "2622"]
[BlackElo "2657"]
[WhiteFideId "13402935"]
[BlackFideId "2805677"]
[EventDate "26.12.2024"]

1. e4 c5 2. Nf3 Nc6 3. d4 cxd4 4. Nxd4 Nf6 5. Nc3 e5 6. Ndb5 d6 7. Bg5 a6 8. Na3
b5 9. Nd5 Be7 10. Bxf6 Bxf6 11. c4 b4 12. Nc2 O-O 13. Qf3 Bh4 14. g3 Qa5 15.
O-O-O Bd8 16. Kb1 Qc5 17. h4 a5 18. h5 h6 19. Bh3 Be6 20. Qe2 a4 21. Nce3 Nd4
22. Qd3 b3 23. a3 Rb8 24. f4 Qa7 25. Nf5 Bxf5 26. exf5 Nc2 27. Bg2 Qc5 28. fxe5
dxe5 29. f6 Bxf6 30. Nxf6+ gxf6 31. Bd5 Kg7 32. Rh4 Ne3 33. Re1 Nxd5 34. Rg4+
Kh8 35. cxd5 Rfd8 36. Qd2 Kh7 37. Qd3+ Kh8 38. Qd2 Kh7 39. Qd3+ 1/2-1/2

[Event "Mondiale Semilampo FIDE 2024"]
[Site "New York"]
[Date "28.12.2024"]
[Round "11.25"]
[White "Bjerre, Jonas Buhl"]
[Black "Andriasian, Zaven"]
[Result "1-0"]
[WhiteTitle "GM"]
[BlackTitle "GM"]
[WhiteElo "2642"]
[BlackElo "2554"]
[WhiteFideId "1444948"]
[BlackFideId "13302000"]
[EventDate "26.12.2024"]

1. e4 c5 2. Nf3 d6 3. Bc4 Nc6 4. O-O Nf6 5. Re1 Bg4 6. h3 Bxf3 7. Qxf3 g6 8. Qb3
Ne5 9. Qxb7 Bg7 10. Bb5+ Kf8 11. Nc3 g5 12. d3 g4 13. hxg4 Rb8 14. Qa6 Nfxg4 15.
Nd5 e6 16. Bg5 f6 17. Nf4 Qb6 18. Bh4 Kf7 19. Qxb6 Rxb6 20. Ba4 Rxb2 21. Bb3 Re8
22. f3 Nh6 23. Bf2 Nc6 24. d4 cxd4 25. Nd3 Rxb3 26. axb3 f5 27. Ra6 Rc8 28. b4
fxe4 29. fxe4 Ng4 30. b5 Nce5 31. Rxa7+ Kg6 32. Nf4+ Kh6 33. Nxe6 Nxf2 34. Nxg7
Rxc2 35. Nf5+ Kg6 36. Nxd4 Rd2 37. b6 Rxd4 38. Kxf2 Rb4 39. Rh1 Rxb6 40. Rhxh7
Rb2+ 41. Ke3 Rb3+ 42. Kd2 Kg5 43. Rag7+ Kf6 44. Rg8 Nc4+ 45. Kc2 Ra3 46. g4 Ke5
47. g5 Kd4 48. e5 Ra2+ 49. Kb1 Rb2+ 50. Kc1 dxe5 51. Rd8+ Ke3 52. Rh3+ Kf4 53.
Rh4+ Kxg5 54. Rxc4 Ra2 55. Kd1 Kf5 56. Rf8+ Ke6 57. Rc2 1-0

[Event "Mondiale Semilampo FIDE 2024"]
[Site "New York"]
[Date "28.12.2024"]
[Round "11.26"]
[White "Jumabayev, Rinat"]
[Black "Niemann, Hans Moke"]
[Result "0-1"]
[WhiteTitle "GM"]
[BlackTitle "GM"]
[WhiteElo "2573"]
[BlackElo "2734"]
[WhiteFideId "13702661"]
[BlackFideId "2093596"]
[EventDate "26.12.2024"]

1. Nf3 d5 2. g3 Nc6 3. d4 Bf5 4. Bg2 e6 5. O-O Nb4 6. Na3 Be7 7. c3 Nc6 8. Nc2
h5 9. h4 Nf6 10. c4 Be4 11. b3 Ng4 12. Ng5 Bxg2 13. Kxg2 Qd7 14. Qd3 a5 15. e4
dxc4 16. bxc4 Bxg5 17. hxg5 O-O-O 18. Bb2 h4 19. gxh4 Nge5 20. Qg3 Nxc4 21. Bc3
f5 22. f3 e5 23. d5 Ne7 24. Rh1 Ng6 25. Kf1 fxe4 26. fxe4 Rhf8+ 27. Ke1 Rf4 28.
Qd3 Qg4 0-1

[Event "Mondiale Semilampo FIDE 2024"]
[Site "New York"]
[Date "28.12.2024"]
[Round "11.27"]
[White "Pranav, V"]
[Black "Safarli, Eltaj"]
[Result "1/2-1/2"]
[WhiteTitle "GM"]
[BlackTitle "GM"]
[WhiteElo "2621"]
[BlackElo "2610"]
[WhiteFideId "25060783"]
[BlackFideId "13402129"]
[EventDate "26.12.2024"]

1. e4 c5 2. Nf3 Nc6 3. Bb5 d6 4. Bxc6+ bxc6 5. O-O Bg4 6. h3 Bh5 7. c3 Nf6 8.
Re1 e6 9. d4 cxd4 10. cxd4 Be7 11. Bg5 Rb8 12. Nbd2 h6 13. Bh4 O-O 14. Qc2 Bg6
15. Bxf6 Bxf6 16. Qxc6 Rxb2 17. Nc4 Rc2 18. Qa4 Rc3 19. Qb4 Rxf3 20. gxf3 Bxd4
21. Rad1 Qg5+ 22. Kf1 Bc5 23. Qd2 Qh4 24. Kg2 f5 25. Nxd6 fxe4 26. Rxe4 Qf6 27.
Qe2 e5 28. Nc4 Bxe4 29. Qxe4 Qg5+ 30. Kf1 Bd4 31. Rb1 Qh5 32. Kg2 Qf7 33. Rc1
Qe6 34. Qg4 Qc6 35. Rc2 Rf4 36. Qh5 g6 37. Qxh6 Rxf3 38. Kh2 Qf6 39. Ne3 Rxf2+
40. Rxf2 Qxf2+ 41. Ng2 Qf7 42. Qg5 Kg7 43. a4 Qf5 44. Qe7+ Kh6 45. Qh4+ Kg7 46.
Qe7+ Qf7 47. Qg5 Qc7 48. h4 Qf7 49. h5 Qf5 50. Qe7+ Kh6 51. hxg6 Qxg6 52. Qf8+
Kh7 53. Nh4 Qg1+ 54. Kh3 Qe3+ 55. Kg4 Qe2+ 56. Kh3 Qe3+ 57. Kg4 Qe2+ 58. Kh3
Qe3+ 59. Kg4 Qe2+ 60. Kh3 Qe3+ 61. Kg4 1/2-1/2

[Event "Mondiale Semilampo FIDE 2024"]
[Site "New York"]
[Date "28.12.2024"]
[Round "11.28"]
[White "Muradli, Mahammad"]
[Black "Bluebaum, Matthias"]
[Result "1-0"]
[WhiteTitle "GM"]
[BlackTitle "GM"]
[WhiteElo "2588"]
[BlackElo "2650"]
[WhiteFideId "13409301"]
[BlackFideId "24651516"]
[EventDate "26.12.2024"]

1. Nf3 d5 2. c4 e6 3. g3 Nf6 4. Bg2 Nc6 5. O-O Bd6 6. b3 O-O 7. Bb2 d4 8. d3 e5
9. Na3 Re8 10. Nc2 a5 11. e3 dxe3 12. fxe3 h6 13. a3 Bg4 14. Qd2 Qd7 15. Nh4 Be7
16. d4 Nh7 17. d5 Bxh4 18. gxh4 Nb8 19. e4 Qe7 20. Qf2 Nd7 21. Ne3 Bh5 22. Nf5
Qc5 23. Ng3 Qxf2+ 24. Rxf2 Nhf6 25. c5 Bg6 26. Rc1 b6 27. b4 axb4 28. axb4 bxc5
29. bxc5 Ra4 30. Re2 Ra5 31. c6 Nb6 32. Ra1 Rxa1+ 33. Bxa1 Nc4 34. Ra2 Rb8 35.
h3 h5 36. Ra4 Rb1+ 37. Kf2 Ne8 38. Bf1 Nb6 39. Ra7 f6 40. Bc3 Nd6 41. Rxc7 Bxe4
42. Nxe4 Nxe4+ 43. Kg2 Nxc3 44. d6 Rb2+ 45. Kg1 Rd2 46. d7 Kh7 47. Rb7 Nca4 48.
Bb5 e4 49. Bxa4 Nxa4 50. c7 e3 51. d8=Q Nc3 52. Qg8+ 1-0

[Event "Mondiale Semilampo FIDE 2024"]
[Site "New York"]
[Date "28.12.2024"]
[Round "11.29"]
[White "Zemlyanskii, Ivan"]
[Black "Vachier-Lagrave, Maxime"]
[Result "0-1"]
[WhiteTitle "GM"]
[BlackTitle "GM"]
[WhiteElo "2543"]
[BlackElo "2731"]
[WhiteFideId "24249971"]
[BlackFideId "623539"]
[EventDate "26.12.2024"]

1. d4 Nf6 2. c4 e6 3. Nc3 d5 4. cxd5 exd5 5. Bg5 c6 6. e3 h6 7. Bh4 Be7 8. Bd3
O-O 9. Qc2 Re8 10. Nge2 a5 11. O-O Na6 12. a3 Nc7 13. Rad1 Ne6 14. Kh1 b5 15.
Nb1 Bd7 16. Nd2 Rc8 17. Nf3 c5 18. dxc5 Nxc5 19. Ne5 b4 20. Nxd7 Ncxd7 21. Qb3
Nc5 22. Qa2 b3 23. Qb1 Nfe4 24. Bxe7 Qxe7 25. Nd4 Qf6 26. Kg1 a4 27. Be2 g6 28.
Bf3 h5 29. Ne2 Ne6 30. Bxe4 dxe4 31. Nc3 Nc5 32. Rd4 Kg7 33. Rfd1 Nd3 34. f3
Rxc3 35. bxc3 Qg5 36. f4 Qc5 37. Kf1 Qxc3 38. Rxe4 Qc2 0-1

[Event "Mondiale Semilampo FIDE 2024"]
[Site "New York"]
[Date "28.12.2024"]
[Round "11.30"]
[White "Xiong, Jeffery"]
[Black "Moroni, Luca Jr"]
[Result "1-0"]
[WhiteTitle "GM"]
[BlackTitle "GM"]
[WhiteElo "2636"]
[BlackElo "2550"]
[WhiteFideId "2047640"]
[BlackFideId "865834"]
[EventDate "26.12.2024"]

1. d4 Nf6 2. c4 Nc6 3. Nf3 e6 4. a3 d5 5. e3 dxc4 6. Bxc4 Bd6 7. b4 O-O 8. Bb2
a6 9. O-O Qe7 10. Ne5 Bxe5 11. dxe5 Nd7 12. f4 f6 13. exf6 Nxf6 14. Nd2 Kh8 15.
Nf3 Bd7 16. Qc2 Be8 17. Qb3 Bh5 18. Nd4 Nxd4 19. Bxd4 Rfe8 20. h3 Bg6 21. Rad1
b6 22. Be5 Be4 23. Rd4 Bb7 24. Rfd1 Rad8 25. Qd3 Rxd4 26. Qxd4 Ra8 27. Ba2 Rc8
28. Qd3 c5 29. bxc5 bxc5 30. Bc4 Bd5 31. Bxd5 Nxd5 32. Qxa6 Rd8 33. e4 Ne3 34.
Rxd8+ Qxd8 35. Qa7 Qd1+ 36. Kf2 Qd2+ 37. Kf3 Qxg2+ 38. Kxe3 Qg1+ 39. Kd2 Qf2+
40. Kc3 Qe3+ 41. Kc4 Qe2+ 42. Kxc5 1-0

[Event "Mondiale Semilampo FIDE 2024"]
[Site "New York"]
[Date "28.12.2024"]
[Round "11.31"]
[White "Nesterov, Arseniy"]
[Black "Oparin, Grigoriy"]
[Result "1/2-1/2"]
[WhiteTitle "GM"]
[BlackTitle "GM"]
[WhiteElo "2599"]
[BlackElo "2653"]
[WhiteFideId "24198455"]
[BlackFideId "24125890"]
[EventDate "26.12.2024"]

1. Nf3 Nf6 2. g3 b5 3. Bg2 Bb7 4. O-O e6 5. a4 b4 6. d3 c5 7. e4 d6 8. Nbd2 Be7
9. Nc4 O-O 10. e5 dxe5 11. Nfxe5 Bxg2 12. Kxg2 Nd5 13. Re1 Qc7 14. Qf3 Nc6 15.
Nxc6 Qxc6 16. h4 Rad8 17. Bd2 Qc7 18. Re4 Bf6 19. Rae1 Bd4 20. Be3 Bxe3 21. Nxe3
b3 22. Nxd5 Rxd5 23. c3 Rfd8 24. R1e3 h6 25. d4 Rf5 26. Qe2 cxd4 27. cxd4 Rb8
28. Re5 Rxe5 29. dxe5 Qc6+ 30. Qf3 Qxa4 31. Rc3 Qa5 32. Rxb3 Rxb3 33. Qxb3 Qxe5
34. Qa4 Qb8 35. Qc6 a5 36. b3 Qd8 37. Kh2 g6 38. Qc3 Qb6 39. Kg1 Qb5 40. Qc8+
Kg7 41. Qc3+ e5 42. Qc7 Qd5 43. Qc3 Qd1+ 44. Kg2 Qd5+ 45. Kg1 g5 46. hxg5 hxg5
47. Qc1 Kg6 48. b4 axb4 49. Qb1+ f5 50. Qxb4 f4 51. Qb1+ Kf6 52. Qh7 Qd1+ 53.
Kh2 fxg3+ 54. Kxg3 Qg1+ 55. Kf3 Qd1+ 56. Kg3 Qb3+ 57. f3 Qf7 58. Qh8+ Kf5 59.
Qc8+ Kg6 60. Qc2+ Qf5 61. Qxf5+ Kxf5 62. Kg2 Ke6 63. Kg3 Kf6 64. Kg4 Kg6 65. Kg3
Kf5 66. Kg2 g4 67. Kg3 gxf3 68. Kxf3 e4+ 69. Ke3 Ke6 70. Kxe4 1/2-1/2

[Event "Mondiale Semilampo FIDE 2024"]
[Site "New York"]
[Date "28.12.2024"]
[Round "11.32"]
[White "Salem, A.R. Saleh"]
[Black "Liang, Awonder"]
[Result "1-0"]
[WhiteTitle "GM"]
[BlackTitle "GM"]
[WhiteElo "2622"]
[BlackElo "2687"]
[WhiteFideId "9301348"]
[BlackFideId "2056437"]
[EventDate "26.12.2024"]

1. d4 g6 2. e4 Bg7 3. c4 d6 4. Nc3 Nf6 5. h3 b6 6. Be3 Bb7 7. Bd3 O-O 8. Nf3 e5
9. d5 Nh5 10. O-O a5 11. a3 Na6 12. Rb1 Bc8 13. Re1 Nf4 14. Bf1 f5 15. Bxf4 exf4
16. e5 dxe5 17. Nxe5 Qf6 18. Nb5 Re8 19. Nd3 Re4 20. Qf3 g5 21. Nc3 Rxe1 22.
Rxe1 Bb7 23. h4 h6 24. hxg5 hxg5 25. Qh3 Rf8 26. c5 Bc8 27. d6 Qh6 28. Qxh6 Bxh6
29. Nd5 cxd6 30. cxd6 Bb7 31. d7 Nb8 32. Nxb6 Bg7 33. Nc5 1-0

[Event "Mondiale Semilampo FIDE 2024"]
[Site "New York"]
[Date "28.12.2024"]
[Round "11.33"]
[White "Meier, Georg"]
[Black "Khanin, Semen"]
[Result "1-0"]
[WhiteTitle "GM"]
[BlackTitle "GM"]
[WhiteElo "2599"]
[BlackElo "2568"]
[WhiteFideId "4675789"]
[BlackFideId "4111990"]
[EventDate "26.12.2024"]

1. Nf3 d5 2. b3 Nf6 3. Bb2 e6 4. c4 b6 5. cxd5 exd5 6. g3 Bd6 7. Bg2 O-O 8. O-O
Re8 9. Nc3 a6 10. e3 Bb7 11. Rc1 Nbd7 12. Re1 Rc8 13. d4 Qe7 14. Re2 c5 15. dxc5
bxc5 16. Nh4 Qe6 17. Rec2 Ne5 18. Ne2 g5 19. Nf3 Nxf3+ 20. Bxf3 Ne4 21. Nc3 Rcd8
22. Bg2 Be5 23. Nxe4 dxe4 24. Qh5 Bxb2 25. Rxb2 Rd5 26. h3 Red8 27. Rbc2 Qe7 28.
Qg4 f5 29. Qh5 f4 30. exf4 gxf4 31. Qg4+ Rg5 32. Qxf4 Rf8 33. Qe3 Rgf5 34. Rd2
R8f7 35. Re1 Re5 36. Red1 Kg7 37. Rd6 Qg5 38. Qxg5+ Rxg5 39. Rd7 Rf5 40. Rxb7
Rxb7 41. Bxe4 Rbf7 42. Bxf5 Rxf5 43. Rd7+ Kg8 44. Ra7 c4 45. Rxa6 cxb3 46. axb3
Rb5 47. Ra3 Kg7 48. Kf1 Kf6 49. Ke2 h5 50. Kd3 Rd5+ 51. Kc4 Rd2 52. b4 Rxf2 53.
b5 Ke5 54. h4 Rc2+ 55. Kb4 Kd5 56. Rd3+ Ke4 57. Rc3 1-0

[Event "Mondiale Semilampo FIDE 2024"]
[Site "New York"]
[Date "28.12.2024"]
[Round "11.34"]
[White "Lenderman, Aleksandr"]
[Black "Ghosh, Diptayan"]
[Result "1/2-1/2"]
[WhiteTitle "GM"]
[BlackTitle "GM"]
[WhiteElo "2480"]
[BlackElo "2569"]
[WhiteFideId "2021285"]
[BlackFideId "5045207"]
[EventDate "26.12.2024"]

1. d4 d5 2. c4 e6 3. Nf3 Nf6 4. e3 dxc4 5. Bxc4 c5 6. O-O Nc6 7. a3 a6 8. dxc5
Qxd1 9. Rxd1 Bxc5 10. b4 Be7 11. Bb2 O-O 12. Nbd2 b5 13. Bd3 Rd8 14. Nb3 Bb7 15.
Rac1 Nd7 16. Be4 Rac8 17. Kf1 Nb6 18. Rxd8+ Nxd8 19. Rxc8 Nxc8 20. Nfd2 Nb6 21.
Na5 Bxe4 22. Nxe4 f5 23. Bd4 Nd7 24. Nc5 Bxc5 25. Bxc5 Ne5 26. Bd6 Nec6 27. Nb3
Nb7 28. Bc7 e5 29. e4 fxe4 30. Nd2 Kf7 31. Nxe4 Ke6 32. Ke2 h6 33. Kd3 Ne7 34.
Nc3 Ng8 35. Bb6 Nf6 36. Be3 Nd6 37. f3 Nc4 38. Bc1 Nd6 39. Bd2 Nd5 40. Ne4 Nxe4
41. fxe4 Nb6 42. Be3 Nc4 43. Bc1 Nd6 44. Be3 h5 45. h3 Nf7 46. Bd2 Nh8 47. Bg5
Ng6 48. Ke3 Nf8 49. Kd3 Kf7 50. Be3 Ne6 51. Ke2 Kf6 52. Kf3 g6 53. Kg3 Nd4 54.
Kf2 Nc6 55. Bd2 Ke6 56. Ke2 Nd8 57. Be3 Nb7 58. Bd2 Nd6 59. Kd3 Nc4 60. Bc1 Nd6
61. Be3 Kd7 62. Bc1 Kc6 63. Be3 Nc4 64. Bc1 Nd6 65. Be3 Nc4 66. Bc1 Kd7 67. a4
Kc6 68. a5 Kd7 69. Kc3 Ke6 70. Kd3 Kf6 71. Ke2 Nd6 72. Kf3 Nf7 73. Be3 Nd8 74.
Bd2 Nc6 75. Bc3 Nd8 76. Bd2 Ne6 77. Be3 g5 78. Bd2 Nd4+ 79. Kf2 Ne6 80. Kf3 Nd4+
81. Kf2 Ne6 1/2-1/2

[Event "Mondiale Semilampo FIDE 2024"]
[Site "New York"]
[Date "28.12.2024"]
[Round "11.35"]
[White "Akobian, Varuzhan"]
[Black "Svane, Frederik"]
[Result "1/2-1/2"]
[WhiteTitle "GM"]
[BlackTitle "GM"]
[WhiteElo "2564"]
[BlackElo "2668"]
[WhiteFideId "13300580"]
[BlackFideId "12923044"]
[EventDate "26.12.2024"]

1. d4 Nf6 2. c4 e6 3. Nf3 Bb4+ 4. Bd2 Qe7 5. a3 Bxd2+ 6. Qxd2 O-O 7. Nc3 d5 8.
cxd5 exd5 9. e3 c6 10. Bd3 Nbd7 11. Qc2 Re8 12. O-O Ne4 13. b4 Ndf6 14. Ne5 Bf5
15. Rfc1 g6 16. Rab1 Nxc3 17. Qxc3 Bxd3 18. Qxd3 Rac8 19. a4 Ne4 20. h3 a6 21.
Rc2 Nd6 22. Qe2 Rc7 23. Rbc1 Qf6 24. Rc5 Rce7 25. Qf3 Qe6 26. Qf4 Kg7 27. R5c2
Rd8 28. Rc5 f6 29. Nd3 g5 30. Qf3 Rde8 31. R5c2 Qf7 32. Qg3 Rd8 33. Nc5 h6 34.
Qf3 Rde8 35. Qg3 Rd8 36. Qf3 Qg6 37. Qd1 h5 38. Qd3 Qxd3 39. Nxd3 h4 40. Kf1
Rde8 41. Rb1 Kg6 42. Rb3 Kf5 43. Nc1 Kg6 44. Nd3 Kf7 45. Rb1 Nc4 46. Rbc1 Nd6
47. Kg1 Kg6 48. Rb1 Rg8 49. Rb3 Kf7 50. Kf1 Kg6 51. Kg1 Kf5 52. Kf1 Rge8 53. Kg1
Kg6 54. Rb1 Nc4 55. Rbc1 Nd6 56. Rb1 Kf5 57. Rb3 Rg8 58. Kf1 Rd8 59. Rb1 Nc4 60.
Rbc1 Nd6 61. Rb1 Rg8 62. Rb3 1/2-1/2

[Event "Mondiale Semilampo FIDE 2024"]
[Site "New York"]
[Date "28.12.2024"]
[Round "11.36"]
[White "Vakhidov, Jakhongir"]
[Black "Bok, Benjamin"]
[Result "0-1"]
[WhiteTitle "GM"]
[BlackTitle "GM"]
[WhiteElo "2546"]
[BlackElo "2593"]
[WhiteFideId "14201801"]
[BlackFideId "1017063"]
[EventDate "26.12.2024"]

1. c4 c5 2. g3 g6 3. Bg2 Bg7 4. Nc3 Nc6 5. Nf3 d6 6. O-O Rb8 7. a3 a6 8. b4 cxb4
9. axb4 Nxb4 10. d4 Nc6 11. Bb2 Bg4 12. d5 Bxf3 13. exf3 Ne5 14. Qe2 Nf6 15. f4
Ned7 16. Rfe1 O-O 17. Qxe7 Qxe7 18. Rxe7 Nb6 19. Bf1 Rfc8 20. Ba3 Nxc4 21. Bxc4
Rxc4 22. Bxd6 Re8 23. Ra3 Bf8 24. Rxe8 Nxe8 25. Bxf8 Kxf8 26. Kf1 Ke7 27. Ke2
Nd6 28. Kd3 Rc8 29. Ra1 Kd7 30. g4 Rc4 31. Ne2 Rb4 32. Kc3 Rb5 33. Kd4 Rb2 34.
Kd3 Rb3+ 35. Kc2 Rf3 36. Rf1 Ne4 37. Rb1 Nd6 38. Rf1 Nc4 39. Nd4 Rxf4 40. Kd3
Ne5+ 41. Ke3 Rxg4 42. f4 Nc4+ 43. Kd3 Nd6 44. Rf2 Rh4 45. Nf3 Rh3 46. Kd4 f6 47.
Ne1 Ra3 48. Nd3 Ra4+ 49. Ke3 b6 50. Rf1 Nc4+ 51. Kf2 Ra2+ 52. Kg1 Rd2 53. Nf2 f5 0-1